000 00454cam a2200181 4500
001 D986
008 090401t1984 xxu||||| |||| 00| 0 eng d
035 _a(Sirsi) u49209
041 _aeng
050 _a693.82
110 _aAqua Group
_9865
245 _aFire and building: a guide for the design team / The Aqua Group
260 _aLondon
_bGranada
_c1984
300 _axiii. 194p. ill. 24cm
350 _a12.95
942 _n0
948 _c04/03/1997
999 _c92525
_d92525